| 000 | 01260cas a2200385 a 4500 | ||
|---|---|---|---|
| 001 | 11298828 | ||
| 005 | 20171221034935.0 | ||
| 008 | 851018d19802008pauuu 0 a0eng | ||
| 010 | _a 85643458 | ||
| 016 | 7 |
_a9005052 _2DNLM |
|
| 016 | 7 |
_aSR0065999 _2DNLM |
|
| 022 | 0 | _a1077-2227 | |
| 035 | _a(OCoLC)ocm12687855 | ||
| 037 | _bW.B. Saunders, West Washington Square, Philadelphia, PA 19105 | ||
| 040 |
_aDLC _beng _cDLC _dIUL _dNLM _dELM _dNST _dNSD _dDLC _dWAU _dNLGGC _dPAU _dOCLCQ _dOCLCF _dOCLCQ _dOCLCO _dNLM |
||
| 041 | _aeng | ||
| 042 | _apcc | ||
| 060 | 0 | 0 |
_aW1 _bCU799GA |
| 080 | _a617.706 ROY | ||
| 082 | 0 |
_a617.706 ROY _219 |
|
| 100 | _a9 | ||
| 101 | _aPAT | ||
| 245 | 0 | 0 | _aCurrent ocular therapy. |
| 246 | 1 | 3 |
_aRoy and Fraunfelder's current ocular therapy _f2008- |
| 362 | 0 | _a[1]- | |
| 362 | 1 | _aCeased with 6th ed. (2008). | |
| 515 | _aVol. for 1980 has no numbering but constitutes 1. | ||
| 590 | _aSERBIB/SERLOC merged record | ||
| 776 | 0 | 8 |
_iOnline version: _tCurrent ocular therapy _w(OCoLC)555402851 |
| 776 | 0 | 8 |
_iOnline version: _tCurrent ocular therapy _w(OCoLC)604019479 |
| 906 |
_a7 _bcbc _cserials _d2 _encip _f19 _gn-oclcserc |
||
| 942 |
_2ddc _cBK |
||
| 999 |
_c39258 _d39258 |
||